Practical chemistry : fundamental facts and applications to modern life /

Bibliographic Details
Main Author: Black, Newton Henry, 1874-
Other Authors: Conant, James Bryant, 1893-1978
Format: Book
Language:English
Published: New York : Macmillan, 1920.
Subjects:

MARC

Tag First Indicator Second Indicator Subfields
LEADER 00000cam a2200000 4500
001 in00000042194
005 20151007070805.0
008 750716s1920 nyuacf b 00010 eng u
010 |a  20008912  
035 |a (OCoLC)01452417 
035 |9 AAE4720AM 
040 |c GAT  |d TXA  |d UtOrBLW 
049 |a TXAM  |c [48292] 
050 0 0 |a QD33  |b .B5 
092 |a 540  |b B627p 
100 1 |a Black, Newton Henry,  |d 1874- 
245 1 0 |a Practical chemistry :  |b fundamental facts and applications to modern life /  |c by N. Henry Black and James Bryan Conant. 
264 1 |a New York :  |b Macmillan,  |c 1920. 
300 |a x pages, 1 leaf, 474 pages :  |b frontispiece, illustrations (including portraits) color plate, diagrams ;  |c 19 cm. 
336 |a text  |b txt  |2 rdacontent 
337 |a unmediated  |b n  |2 rdamedia 
338 |a volume  |b nc  |2 rdacarrier 
500 |a Tables on lining-paper. 
504 |a "List of books for further study": page 459. 
650 0 |a Chemistry. 
700 1 |a Conant, James Bryant,  |d 1893-1978. 
999 |a MARS 
999 f f |s beebd670-1b36-38cf-b822-475dab43d68a  |i b09f6224-a2f3-3ec5-8343-597beaeea593  |t 0 
952 f f |p ric  |a Texas A&M University  |b Rellis Campus  |c Joint Library Facility  |d Remote Storage  |t 0  |e QD33 .B5  |h Library of Congress classification  |i unmediated -- volume  |m A14800931216 
998 f f |a QD33 .B5  |t 0  |l Remote Storage